Microsoft Excel 2003 Programování ve VBA

Gespeichert in:
Bibliographische Detailangaben
1. Verfasser: Walkenbach, John
Format: Buch
Sprache:Tschechisch
Veröffentlicht: Brno Computer Press 2006
Ausgabe:1. vyd.
Schlagworte:
Online-Zugang:Im OPAC anzeigen
Tags: Tag hinzufügen
Keine Tags, Fügen Sie das erste Tag hinzu!

MARC

LEADER 00000nam a2200000 a 4500
005 20260127134151.0
008 061120 2006 xr 000 0 cze d
020 |a 8025109119 
035 |a vtls008879273 
039 9 |y 200611201259  |z mschk03 
040 |a STUSCHK1  |b slo  |c STUSCHK1  |e AACR2 
080 |a 681.3.06 
100 1 |a Walkenbach, John 
245 1 |a Microsoft Excel 2003  |b Programování ve VBA  |c John Walkenbach 
250 |a 1. vyd. 
260 |a Brno  |b Computer Press  |c 2006 
300 |a 867 s. ; il.; 23 cm 
650 0 |a programování v Excel 2003 
650 0 |a jayzk VBA 
910 |a SCHK95 
919 |a 80-251-0911-9 
999 |c 5642  |d 5642